Ultimas campañas de la independencia del Perú: 1822-1826

Spremljeno u:
Bibliografski detalji
Glavni autor: Bulnes, Gonzalo (Autor)
Format: Knjiga
Jezik:španjolski
Izdano: Santiago Barcelona 1897
Izdanje:1a. ed
Teme:
Oznake: Dodaj oznaku
Bez oznaka, Budi prvi tko označuje ovaj zapis!

MARC

LEADER 00000nam a2200000 a 4500
001 UCO3218
003 CL-VaPUC
008 000714e18970619CL |||||||||||||||||spa|d
082 0 4 |a 985.03  |b BUL  |2 21 
100 0 |a Bulnes, Gonzalo  |e author  |9 447185 
245 1 0 |a Ultimas campañas de la independencia del Perú: 1822-1826 
250 |a 1a. ed 
300 |a 701 p 
942 |c BK 
945 |d 20000714 00:00:00  |a rherrera 
260 |a Santiago  |b Barcelona  |c 1897 
500 |a Reproducción de una medalla con el perfil de Bolivar 
600 0 |a Bolívar, Simón   |d 1783-1830  |9 265422 
600 0 |a Miranda, Francisco de,  |d 1750-1816  |9 331375 
600 0 7 |a SUCRE, ANTONIO JOSE DE  |2 CL-VaPUC  |9 352075 
650 0 |a Historia de Perú  |9 316239 
650 7 |a INDEPENDENCIA DE PERU  |2 CL-VaPUC  |9 447186 
650 0 |a Operaciones militares  |9 372045 
650 7 |a BATALLA DE AYACUCHO  |2 CL-VaPUC  |9 447187 
650 7 |a HISTORIA SIGLO 19  |2 CL-VaPUC  |9 257187 
650 0 |a Fuentes Históricas  |9 265141 
651 7 |a AYACUCHO  |2 CL-VaPUC  |9 446612 
651 0 |a Perú  |9 256567 
651 7 |a JUNIN  |2 CL-VaPUC  |9 447188 
651 0 |a Venezuela  |9 254993 
651 0 |a Colombia  |9 256424 
583 |a last modification  |c 20000714 00:00:00  |k Rodrigo Vera 
999 |c 289686  |d 289684 
952 |0 0  |1 0  |4 0  |6 985_030000000000000_BUL_1897  |7 0  |8 X  |9 338278  |a BIBHIS  |b BIBHIS  |d 2019-11-20  |i 1298631  |o 985.03 BUL 1897  |p 1298631  |r 2024-01-30  |w 2019-11-20  |y BK_X  |k HIS 
952 |0 0  |1 0  |4 0  |6 985_030000000000000_BUL_1897  |7 0  |8 X  |9 338279  |a FDOBUD  |b FDOBUD  |d 2019-11-20  |i 1009222  |o 985.03 BUL 1897  |p 1009222  |r 2019-11-20  |w 2019-11-20  |y BK_X  |k BUD 
952 |0 0  |1 0  |4 0  |6 985_030000000000000_BUL_1897  |7 0  |8 X  |9 338280  |a FDOBUD  |b FDOBUD  |d 2019-11-20  |i 1041290  |o 985.03 BUL 1897  |p 1041290  |r 2019-11-20  |w 2019-11-20  |y BK_X  |k BUD